000 00391nam a2200157Ia 4500
008 221030s9999 xx 000 0 und d
020 _a8126518524
041 _aEnglish
100 _aS. Makridakis
245 0 _aForecasting : Methods & Applications
_cby S. Makridakis
250 _a3rd
260 _bWilley Pub.
_aNew Delhi
_c2014
300 _a642
650 _aManagement
942 _cBK
999 _c15838
_d15838